=LDR 00000nam 2200000 4500 =001 INLIS000000000013688 =005 20170301125149.0 =006 =007 =008 Ind =035 ##$$0010-061300000013688 =041 ##$$a Ind =082 ##$$a 611.8 =090 ##$$a 611.8, Tre m =100 ##$$a Treays, Rebecca =245 ##$$a Mempelajari otak, Rebecca Treays ;alih bahasa, Drs.Wasi Dewanto =260 ##$$a 2004 $b Bandung =300 ##$$a 32 hlm, Ilus, 28 cm =650 ##$$a Otak =700 ##$$a Dewanto, Wasi =850 ##$$a NBPNMAT